书目信息 |
| 题名: |
典型废旧稀土材料循环利用技术
|
|
| 作者: | 张深根 , 刘虎 , 刘一凡 编著 | |
| 分册: | ||
| 出版信息: | 北京 冶金工业出版社 2018 |
|
| 页数: | 214页 | |
| 开本: | 24cm | |
| 丛书名: | 固体废物循环利用技术丛书 | |
| 单 册: | ||
| 中图分类: | X756.05 | |
| 科图分类: | ||
| 主题词: | 稀土金属--Xi Tu Jin Shu--金属废料--废物综合利用 | |
| 电子资源: | ||
| ISBN: | 978-7-5024-7644-1 | |
| 000 | 01012nam 2200301 450 | |
| 001 | 012001001302 | |
| 005 | 20131107184704.0 | |
| 010 | @a978-7-5024-7644-1@dCNY98.00 | |
| 099 | @aCAL 012019004907 | |
| 100 | @a20181116d2018 em y0chiy50 ea | |
| 101 | 0 | @achi |
| 102 | @aCN@b110000 | |
| 105 | @aak a 000yy | |
| 106 | @ar | |
| 200 | 1 | @a典型废旧稀土材料循环利用技术@ADian Xing Fei Jiu Xi Tu Cai Liao Xun Huan Li Yong Ji Shu@f张深根 ... [等] 编著 |
| 210 | @a北京@c冶金工业出版社@d2018 | |
| 215 | @a214页@c图@d24cm | |
| 225 | 2 | @a固体废物循环利用技术丛书@AGu Ti Fei Wu Xun Huan Li Yong Ji Shu Cong Shu |
| 304 | @a题名页题其余责任者:刘虎, 刘一凡, 刘波 | |
| 320 | @a有书目 | |
| 410 | 0 | @12001 @a固体废物循环利用技术丛书 |
| 606 | 0 | @a稀土金属@AXi Tu Jin Shu@x金属废料@x废物综合利用 |
| 690 | @aX756.05@v5 | |
| 701 | 0 | @a张深根@AZhang Shengen@4编著 |
| 701 | 0 | @a刘虎@ALiu Hu@4编著 |
| 701 | 0 | @a刘一凡@ALiu Yi Fan@4编著 |
| 801 | 0 | @aCN@b北京卓展@c20191020 |
| 905 | @b1197963-6@dX756.05@e285@f4 | |
| 典型废旧稀土材料循环利用技术/张深根 ... [等] 编著.-北京:冶金工业出版社,2018 |
| 214页:图;24cm.-(固体废物循环利用技术丛书) |
| ISBN 978-7-5024-7644-1:CNY98.00 |
| ● |
| 相关链接 |
|
|
|
|
正题名:典型废旧稀土材料循环利用技术
索取号:X756.05/285
 
预约/预借
| 序号 | 登录号 | 条形码 | 馆藏地/架位号 | 状态 | 备注 |
| 1 | 1197963 | 211979634 | 第二样本阅览室/ [索取号:X756.05/285] | 在馆 | |
| 2 | 1197964 | 211979643 | 第三借阅区/ [索取号:X756.05/285] | 在馆 | |
| 3 | 1197965 | 211979652 | 第三借阅区/ [索取号:X756.05/285] | 在馆 | |
| 4 | 1197966 | 211979661 | 第三借阅区/ [索取号:X756.05/285] | 在馆 |